00682nam a2200241 a 4500001001300000003000900013005001700022008004100039020000900080082001600089100001500105245004300120260003100163300000900194500003500203505002400238650001600262700001500278902000800293942000700301952011500308999001700423nice12345678IN_TiNIC20260116013839.0050524s1996 dela grp 000 0 eng  ac7500a297.7bQUT1 aQutb, Syed aCharacteristics of the Islamic Concept aDelhibHindustan Pubc1996 a321p aincludes index and biblioraphy2 areference and notes aDawah-Islam1 aQutb, Syed bSRS cBK 001040708StackRoom-aHMIbHMId2007-07-12g75.00l0o297.7 QUT1p018261r2007-07-12v75.00w2005-05-24yBK c12798d12798